| 000 | 01223cam a22003497a 4500 | ||
|---|---|---|---|
| 003 | CHAP | ||
| 005 | 20220329132941.0 | ||
| 008 | 971013s1989 r 00010 d | ||
| 010 | _a600 | ||
| 011 | _a1572 | ||
| 035 | _a748 | ||
| 040 | _cCHAP | ||
| 090 | _aTesis | ||
| 100 | 0 | 0 |
_aHernández de la Rosa, Patricia. _953938 |
| 245 | 0 | _aVariación morfológica intra-arbol en Pinus cooperi blanco, P. durangensis Martínez y P. ingelmannnii Carr. Procedentes de El Salto, Dgo. | |
| 260 |
_aChapingo, Méx. : _bEl autor, _c1989 |
||
| 300 | _a102 h. | ||
| 502 | _aTesis (Ing. Agr. Esp. en Bosques) -- UACH. División de Ciencias Forestales | ||
| 590 |
_aALEPH _b10 _c20130110 _lUCH01 _h1205 |
||
| 590 |
_aBATCH-UPD _b10 _c20130110 _lUCH01 _h0114 |
||
| 590 |
_aBATCH-UPD _b10 _c20130110 _lUCH01 _h2229 |
||
| 590 |
_aBATCH-UPD _b10 _c20130410 _lUCH01 _h1524 |
||
| 590 |
_aBATCH-UPD _b10 _c20130914 _lUCH01 _h1835 |
||
| 590 |
_aCONVERSION _b10 _c20130109 _lUCH01 _h1302 |
||
| 650 | 1 | 4 |
_aPináceas _xFisiología y morfología. _988236 |
| 650 | 1 | 4 |
_aPinus cooperi. _988328 |
| 650 | 1 | 4 |
_aPinus durangensis. _988332 |
| 650 | 1 | 4 |
_aPinus engelmannii. _988336 |
| 901 | _aBK | ||
| 942 | _cTESIS | ||
| 949 |
_bBC _cTES _d-10207 _eTS1 _h22849 _i748 _si |
||
| 999 |
_c600 _d600 |
||